000 00433cam a2200133u 4500
082 _a551
_bRAI
100 1 _aRaistrick, Arthur. [from old catalog]
_940178
245 1 0 _aTeach yourself geology,
260 _aLondon,
_bThe English universities press ltd.
_c[1943]
300 _avi p., 1 l.,
_b9-272 p. incl. illus., profiles.
_c18 cm.
526 _a0
_b0
_c0
_d551_000000000000000_RAI
650 0 _aGeology.
_bMCE
_940179
942 _2ddc
_cBK
999 _c544535
_d544535